Hugo's German grammar simplified: key to the "standard" edition (Record no. 368563)
[ view plain ]
| 000 -LEADER | |
|---|---|
| fixed length control field | 00329cam a22001097a 4500 |
| 008 - FIXED-LENGTH DATA ELEMENTS--GENERAL INFORMATION | |
| fixed length control field | 180718bn.d. xxu||||| |||| 00| 0 eng d |
| 082 ## - DEWEY DECIMAL CLASSIFICATION NUMBER | |
| Classification number | A37 H874 |
| 245 ## - TITLE STATEMENT | |
| Title | Hugo's German grammar simplified: key to the "standard" edition |
| 260 ## - PUBLICATION, DISTRIBUTION, ETC. | |
| Place of publication, distribution, etc. | London |
| Name of publisher, distributor, etc. | Hugo's Language Inst. |
| Date of publication, distribution, etc. | n.d. |
| 300 ## - PHYSICAL DESCRIPTION | |
| Extent | 38p. |
| 650 ## - SUBJECT ADDED ENTRY--TOPICAL TERM | |
| Topical term or geographic name entry element | German Language - Grammar |
No items available.
